| 000 | 00584nam a2200181Ia 4500 | ||
|---|---|---|---|
| 003 | IN-BaIIA | ||
| 008 | 211028s9999 xx 000 0 eng d | ||
| 040 | _cIIA Library | ||
| 080 |
_a58 _bYB-76 |
||
| 110 |
_aIndia. Ministry of Information and Broadcasting _93146 |
||
| 245 | 0 |
_aIndia : a reference annual 1976 _cMinistry of Information and Broadcasting, Govt. of India |
|
| 260 |
_aNew Delhi _bMinistry of Information and Broadcasting _c1976 |
||
| 300 | _aviii, 486p. | ||
| 650 |
_a India-Annual _99033 |
||
| 650 |
_a Yearbooks _99034 |
||
| 650 | _aNASA Thesaurus | ||
| 942 | _cBK | ||
| 999 |
_c5076 _d5076 |
||